[Event "Graz op-B 20th"]
[Site "Graz"]
[Date "2013.08.24"]
[Round "1"]
[White "Schick, Rafael"]
[Black "Kapus, Florian"]
[Result "0-1"]
[WhiteElo "1559"]
[BlackElo "1909"]
[PlyCount "74"]
[EventDate "2013.08.24"]
[EventType "swiss"]
[EventRounds "9"]
[EventCountry "AUT"]
[SourceTitle "EXT 2022"]
[Source "ChessBase"]
[SourceDate "2021.10.06"]
[SourceVersion "1"]
[SourceVersionDate "2021.10.06"]
[SourceQuality "1"]

1. d4 Nf6 2. Nf3 e6 3. a3 d5 4. Bf4 c5 5. e3 Nc6 6. dxc5 Bxc5 7. Bd3 0-0 8. 0-0 Qe7 9. b4 Bb6 10. Ne5 Rd8 11. Qe2 d4 12. Nxc6 bxc6 13. exd4 Bxd4 14. c3 Nd5 15. Bd2 Bf6 16. Ra2 e5 17. c4 Nc7 18. Qe4 g6 19. Qxc6 Rxd3 20. Nc3 Be6 21. Ne4 Bg7 22. Bg5 Qd7 23. Qc5 Na6 24. Qa5 Bxc4 25. Rc2 Rd5 26. Nc5 Nxc5 27. Rxc4 Ne4 28. Rc5 Rxc5 29. bxc5 Nxg5 30. h4 Ne4 31. Rc1 Qc6 32. Rc4 Bf8 33. Qe1 f5 34. f3 Bxc5+ 35. Kh2 Bg1+ 36. Kxg1 Qxc4 37. fxe4 Qxe4 0-1